| 000 | 01784nam a2200265Ia 4500 | ||
|---|---|---|---|
| 003 | Ost | ||
| 005 | 20260507075246.0 | ||
| 008 | 260507s9999||||xx |||||||||||||| ||und|| | ||
| 020 | _a×262069957 | ||
| 040 | _cfsecg | ||
| 041 | _aara | ||
| 082 | _a330 | ||
| 100 |
_aفليه، فاروق عبده _eمؤلف |
||
| 245 | 0 |
_aالسلوك التنظيمي في ادارة المؤسسات التعليمية / _c فاروق عبده فليه |
|
| 260 |
_aعمان: _bدار المسيرة, _c2009 |
||
| 300 |
_a392 صفحة؛ _bإيضاحات ؛ _c24 سم |
||
| 504 | _aمراجع ص.375 | ||
| 520 | _aمفهوم و طبيعة و أشكال السلوك الانساني ، اتجاه و تفسير السلوك التنظيمي المؤسسات ( المنظمات ) و ديناميات جماعات العمل ، تحليل التعامل الانساني في ضوء مفاهيم الادارة و الاتصال ، أثر الشخصية و القيم و الاتجاهات في تنظيم السلوك الاداري ، إتخاذ القرار التربوي ، القيادات الادارية و تنظيم السلوك في المؤسسات التربوية ، دور الادارة التربوية في تحقيق الرضا الوظيفي ، المناخ التنظيمي و الضغوط المهنية في إدارة المؤسسات التربيوة ، دور التفويض في تحسين المهارات الادارية ، التجديد و التغيير في غدارة المؤسسات التعليمية . | ||
| 653 | _aالادارة | ||
| 653 | _aالسلوك | ||
| 653 | _aالسلوك الاداري | ||
| 653 | _aالمؤسسات التربوية | ||
| 700 |
_aالسيد، محمد عبد المجيد _eمؤلف ثانوي |
||
| 942 | _cكتاب | ||
| 999 |
_c43656 _d43656 |
||